000 00213 a2200097 4500
001 27338
100 _aAli, B
245 _aMuslim social philosophy
260 _a
_bJ.F. Publications
_c1971
090 _c18164
_d18164
942 _aNUST-CAE
_cM
_c9074
999 _c262411
_d262411